00726cam a2200217 a 450000100100000000500170001000800410002702000150006804000250008308200170010810000290012524500900015426000320024430000210027650400540029760000460035165000360039765000220043365000260045570000270048100000339820200929150429.0780606s1974 sp b 000 0 spa  a8437600154 aDO-SdBNPbspacBNPHU a863.2bM868s1 aMorón Arroyo, Ciriaco.10aSentido y forma de La Celestina. /cCiriaco Morón Arroyo; prólogo, Otis H. Green. aMadrid :bCátedra,c1974. a126 p. ;c21 cm. aIncluye refeencias bibliográficas : p. 125-126.10aROJAS, FERNANDOd14..? - 1541.tCELESTINA 4aCelestinaxHistoria y crítica 4aNovela española 4aLiteratura española1 aGreen, Otis H.epról